| 000 | 00901nas a22002417a 4500 | ||
|---|---|---|---|
| 005 | 20260519174238.0 | ||
| 008 | 260519b19901995por|||j|||||| 00| z por | | ||
| 040 | _cBR-ViAPE | ||
| 245 | _aTalismã | ||
| 260 |
_aNova Venécia _aSão Mateus _bTalismã Empreendimentos Ltda _c1990-1995 |
||
| 300 |
_av. _bil. |
||
| 310 | _aIrregular | ||
| 362 | _aAno 1, n. 1 (ago. 1990) - ano 5, n. 95 (1995). | ||
| 500 | _aDisponibilizada apenas a imagem da capa na versão digital, em virtude de restrições de direitos autorais. | ||
| 500 | _aColeção incompleta: disponíveis apenas alguns números do periódico. | ||
| 650 |
_2Municípios _xEducação _xPolítica _zEspírito Santo |
||
| 651 |
_aEspírito Santo (Brasil) _vPeriódicos |
||
| 700 |
_aMecenas, Armando _eDiretor |
||
| 700 |
_aSantana, Egnaldo A. de _eDiretor |
||
| 710 | _aTalismã Empreendimentos Ltda | ||
| 942 |
_2ddc _cPER _n1 |
||
| 999 |
_c697 _d697 |
||